Complejos productivos basados en recursos naturales y desarrollo territorial : estudios de caso en Argentina /
Guardado en:
| Otros Autores: | , , |
|---|---|
| Formato: | Libro |
| Idioma: | Spanish |
| Publicado: |
Bahía Blanca :
EdiUNS, Editorial de la Universidad Nacional del Sur,
2006.
|
| Materias: | |
| Etiquetas: |
Agregar Etiqueta
Sin Etiquetas, Sea el primero en etiquetar este registro!
|
| LEADER | 02009cam a22003134a 4500 | ||
|---|---|---|---|
| 001 | EUN.eunm006689 | ||
| 005 | 20161205075722.0 | ||
| 008 | 070629s2006####ag#a#####b###f000#0#spa## | ||
| 010 | |a 2007470360 | ||
| 020 | |a 9871171439 | ||
| 020 | |a 9789871171439 | ||
| 040 | |a MYG |c MYG |d DLC | ||
| 043 | |a s-ag--- | ||
| 050 | 0 | 0 | |a HC175 |b .G64 2006 |
| 082 | 0 | 4 | |a 338.982 |2 21 |
| 245 | 0 | 0 | |a Complejos productivos basados en recursos naturales y desarrollo territorial : |b estudios de caso en Argentina / |c Silvia Gorenstein, Valentina Viego, compiladoras ; Andrea Barbero ... [et al.]. |
| 260 | |a Bahía Blanca : |b EdiUNS, Editorial de la Universidad Nacional del Sur, |c 2006. | ||
| 300 | |a xiii, 282 p. : |b il. ; |c 21 cm. | ||
| 504 | |a Incluye referencias bibliográficas. | ||
| 505 | 0 | |a Complejos industriales y desarrollo localizado : temas seleccionados del debate teórico / Gorenstein, Silvia ; Viego, Valentina Natividad; Burachik, Gustavo -- El complejo oleaginoso en la provincia de Buenos Aires : nuevos actores y dinámicas territoriales / Gorenstein, Sivlia ; Estrada, María Emilia ; Barbero, Andrea -- Transformaciones en el sistema agroalimentario : el caso del complejo cárneo-porcino de Córdoba / Geymonat, Ana María ; Donanoni, Mónica -- El complejo apícola en el sudoeste bonaerense. Perfil de los agentes y formas de coordinación / Estrada, María Emilia -- El complejo de fruta de pepita en Río Negro y Neuquén / Preiss, Osvaldo -- Dinámicas de innovación y capacidades localizadas en tramas agroalimentarias pampeanas. El caso del sudoeste bonaerense / Gorenstein, Silvia ; Viego, Valentina Natividad; Barbero, Andrea. | |
| 650 | 0 | |a Economía. |2 unbist | |
| 650 | 0 | |a Desarrollo económico. |2 unbist | |
| 650 | 0 | |a Industrialización. |2 unbist | |
| 651 | 0 | |a Bahía Blanca (Argentina) | |
| 651 | 7 | |a Argentina. |2 unbist | |
| 700 | 1 | |a Gorenstein, Silvia. |4 com | |
| 700 | 1 | |a Viego, Valentina. |4 com | |
| 700 | 1 | |a Barbero, Andrea. | |
| 859 | |a AR-BaUNS |b BIB. CENTRAL - Sector A |h 338.982 |i G669 |p 125775/016 | ||
